[Event "15. Obert Int. Sant Martí 2013 - B"]
[Site "Barcelona ESP"]
[Date "2013.07.13"]
[Round "1.1"]
[White "Terrones Hernandez, Jonathan"]
[Black "Catalan Escale, Enric"]
[Result "0-1"]
[WhiteElo "1711"]
[BlackElo "1988"]
[PlyCount "110"]
[EventDate "2013.07.13"]
[EventType "swiss"]
[EventRounds "9"]
[EventCountry "ESP"]
[SourceTitle "Ajedrez en Madrid"]
[Source "lmi"]
[SourceDate "2013.07.13"]
[SourceVersion "1"]
[SourceVersionDate "2019.06.21"]
[SourceQuality "1"]

1. d4 d5 2. Nf3 c6 3. e3 Bg4 4. Nbd2 Nf6 5. Be2 Nbd7 6. b3 e6 7. Bb2 Qc7 8. Ne5
Bxe2 9. Qxe2 Nxe5 10. dxe5 Nd7 11. f4 Qb6 12. a4 a5 13. O-O Bc5 14. Rf3 Nf8 15.
Kh1 Ng6 16. e4 O-O-O 17. exd5 cxd5 18. c4 Kb8 19. Rc1 Bb4 20. Bc3 Ba3 21. Rb1
Nh4 22. Rd3 Nf5 23. cxd5 exd5 24. g4 Ne7 25. Bd4 Qa6 26. Nf3 Rc8 27. Rd2 Qg6
28. Rg1 Rc1 29. Rxc1 Bxc1 30. Rc2 Bxf4 31. Bc5 Nc6 32. Bd6+ Ka7 33. Nd4 Nxd4
34. Bc5+ Kb8 35. Bxd4 Re8 36. Rc5 Qb1+ 37. Kg2 Qxb3 38. Rxa5 Rc8 39. Ba7+ Kc7
40. Qf2 Qb4 41. Qc2+ Kd7 42. Rxd5+ Ke6 43. Qf5+ Kxd5 44. e6+ Be5 45. exf7 Qd2+
46. Bf2 Rf8 47. Qd7+ Bd6 48. Qb5+ Ke6 49. Qe8+ Kf6 50. g5+ Qxg5+ 51. Bg3 Rxf7
52. Qd8+ Be7 53. Qd4+ Kg6 54. h4 Qf5 55. Qd1 h5 0-1

[Event "15. Obert Int. Sant Martí 2013 - B"]
[Site "Barcelona ESP"]
[Date "2013.07.13"]
[Round "1.2"]
[White "Walter Travella, German"]
[Black "Sanchez Paz, Josep"]
[Result "1-0"]
[WhiteElo "1973"]
[BlackElo "1710"]
[PlyCount "63"]
[EventDate "2013.07.13"]
[EventType "swiss"]
[EventRounds "9"]
[EventCountry "ESP"]
[SourceTitle "Ajedrez en Madrid"]
[Source "lmi"]
[SourceDate "2013.07.13"]
[SourceVersion "1"]
[SourceVersionDate "2019.06.21"]
[SourceQuality "1"]

1. c4 Nf6 2. Nc3 e6 3. Nf3 c5 4. Qa4 Nc6 5. e3 Be7 6. d4 cxd4 7. exd4 O-O 8. d5
exd5 9. cxd5 Nb8 10. Bf4 d6 11. Be2 Nbd7 12. O-O Nc5 13. Qc2 Bg4 14. b4 Ncd7
15. h3 Bh5 16. g4 Bg6 17. Bd3 Rc8 18. Bxg6 Nxd5 19. Bxh7+ Kh8 20. Nxd5 Rxc2 21.
Bxc2 Nf6 22. Nxe7 Qxe7 23. Rfe1 Qc7 24. Bb3 Qb6 25. Rad1 d5 26. Bxd5 Qxb4 27.
Rd4 Qb6 28. Bb3 Rd8 29. Rxd8+ Qxd8 30. Bxf7 Qd3 31. Ne5 Qxh3 32. Re3 1-0

[Event "15. Obert Int. Sant Martí 2013 - B"]
[Site "Barcelona ESP"]
[Date "2013.07.13"]
[Round "1.3"]
[White "Domenche Redondo, Francesc"]
[Black "Fernandez Martin, Javier"]
[Result "1/2-1/2"]
[WhiteElo "1710"]
[BlackElo "1962"]
[PlyCount "35"]
[EventDate "2013.07.13"]
[EventType "swiss"]
[EventRounds "9"]
[EventCountry "ESP"]
[SourceTitle "Ajedrez en Madrid"]
[Source "lmi"]
[SourceDate "2013.07.13"]
[SourceVersion "1"]
[SourceVersionDate "2019.06.21"]
[SourceQuality "1"]

1. d4 Nf6 2. Nf3 g6 3. c4 Bg7 4. Nc3 d5 5. e3 O-O 6. cxd5 Nxd5 7. Qb3 Nb6 8.
Be2 Be6 9. Qc2 Nc6 10. a3 Na5 11. Nd2 Rc8 12. Nce4 Bf5 13. b4 Nc6 14. Bb2 a6
15. Qb3 Be6 16. Qc2 Nd7 17. O-O f5 18. Ng5 1/2-1/2

[Event "15. Obert Int. Sant Martí 2013 - B"]
[Site "Barcelona ESP"]
[Date "2013.07.13"]
[Round "1.7"]
[White "Pascual Duran, Pau"]
[Black "Esteban Lupianez, Jose Miguel"]
[Result "0-1"]
[WhiteElo "1473"]
[BlackElo "1788"]
[PlyCount "60"]
[EventDate "2013.07.13"]
[EventType "swiss"]
[EventRounds "9"]
[EventCountry "ESP"]
[SourceTitle "Ajedrez en Madrid"]
[Source "lmi"]
[SourceDate "2013.07.13"]
[SourceVersion "1"]
[SourceVersionDate "2019.06.21"]
[SourceQuality "1"]

1. e4 c5 2. Nf3 Nc6 3. d4 cxd4 4. Nxd4 g6 5. Be3 Bg7 6. c3 d6 7. Nd2 Nf6 8. Bd3
O-O 9. O-O Ng4 10. Qe2 a6 11. N2f3 Nxe3 12. Qxe3 Qb6 13. Nxc6 Qxc6 14. Rad1 Qa4
15. Bb1 Bd7 16. Rfe1 Bc6 17. Ng5 Qa5 18. Qf4 Bh6 19. e5 f6 20. Qc4+ d5 21. Qg4
fxg5 22. Qe6+ Rf7 23. Rd3 Kg7 24. Rg3 Raf8 25. f3 Qb6+ 26. Kh1 Qxb2 27. f4 Rxf4
28. Qxe7+ R8f7 29. Qxf7+ Rxf7 30. e6 Qe2 0-1

[Event "15. Obert Int. Sant Martí 2013 - B"]
[Site "Barcelona ESP"]
[Date "2013.07.13"]
[Round "1.8"]
[White "Julia Yebra, David"]
[Black "Hinarejos Montano, Andres"]
[Result "1-0"]
[WhiteElo "1873"]
[BlackElo "1610"]
[PlyCount "115"]
[EventDate "2013.07.13"]
[EventType "swiss"]
[EventRounds "9"]
[EventCountry "ESP"]
[SourceTitle "Ajedrez en Madrid"]
[Source "lmi"]
[SourceDate "2013.07.13"]
[SourceVersion "1"]
[SourceVersionDate "2019.06.21"]
[SourceQuality "1"]

1. c4 g6 2. d4 c5 3. Nf3 Bg7 4. g3 cxd4 5. Nxd4 a6 6. Bg2 Nf6 7. O-O O-O 8. Nc3
Nc6 9. Nb3 d6 10. e4 Be6 11. Qe2 Ne5 12. Nd5 Rc8 13. Nd4 Nxc4 14. Nxe6 fxe6 15.
Nf4 Qd7 16. Bh3 Qc6 17. Bxe6+ Kh8 18. Bxc8 Rxc8 19. f3 Nd7 20. Ne6 Bf6 21. Rb1
Nce5 22. Be3 Nc5 23. Nd4 Qd7 24. b4 Na4 25. Rbc1 Rb8 26. Qc2 b5 27. Ne2 Nc4 28.
Bf2 Qe6 29. f4 Rf8 30. Rcd1 Rc8 31. Qb1 Nab2 32. Nd4 Qf7 33. Rde1 Na4 34. Nf3
Bc3 35. Re2 h6 36. Kg2 Na3 37. Qd3 Nc4 38. Bd4+ Bxd4 39. Qxd4+ Kh7 40. e5 Qe6
41. Ref2 d5 42. Nh4 Rf8 43. h3 Nab2 44. g4 g5 45. f5 Qd7 46. Ng6 Rg8 47. e6 Qd8
48. f6 exf6 49. e7 Qe8 50. Nf8+ Kh8 51. Rxf6 Rg7 52. Ng6+ Kh7 53. Nf8+ Kg8 54.
Qxd5+ Rf7 55. Rxf7 Nd6 56. Rh7+ Nf7 57. Rhxf7 Qxf7 58. Qxf7+ 1-0

[Event "15. Obert Int. Sant Martí 2013 - B"]
[Site "Barcelona ESP"]
[Date "2013.07.13"]
[Round "1.9"]
[White "Blesa Fernandez, Francisco"]
[Black "Muratet Carmona, Alexandra"]
[Result "1-0"]
[WhiteElo "1951"]
[BlackElo "1705"]
[PlyCount "61"]
[EventDate "2013.07.13"]
[EventType "swiss"]
[EventRounds "9"]
[EventCountry "ESP"]
[SourceTitle "Ajedrez en Madrid"]
[Source "lmi"]
[SourceDate "2013.07.13"]
[SourceVersion "1"]
[SourceVersionDate "2019.06.21"]
[SourceQuality "1"]

1. d4 e6 2. c4 d5 3. Nc3 Nf6 4. Bg5 Be7 5. Nf3 Nc6 6. e3 O-O 7. Bd3 a6 8. Rc1
h6 9. Bh4 dxc4 10. Bxc4 Nh7 11. Bg3 b5 12. Bd3 Bb7 13. O-O Ng5 14. Ne4 Nxf3+
15. Qxf3 f5 16. Nc5 Bxc5 17. Rxc5 Na5 18. Qf4 Bd5 19. Rxc7 Nc6 20. Rc1 Rc8 21.
Rxc8 Qxc8 22. Qd6 Rd8 23. Qa3 Qb7 24. f3 a5 25. Qc5 b4 26. e4 Rc8 27. Qd6 Na7
28. Rxc8+ Qxc8 29. exd5 Qc1+ 30. Bf1 Nb5 31. Qb8+ 1-0

[Event "15. Obert Int. Sant Martí 2013 - B"]
[Site "Barcelona ESP"]
[Date "2013.07.13"]
[Round "1.10"]
[White "Fernandez Benito, Fco. Javier"]
[Black "Saiz Rodrigo, Josep Fernando"]
[Result "1/2-1/2"]
[WhiteElo "1702"]
[BlackElo "1950"]
[PlyCount "181"]
[EventDate "2013.07.13"]
[EventType "swiss"]
[EventRounds "9"]
[EventCountry "ESP"]
[SourceTitle "Ajedrez en Madrid"]
[Source "lmi"]
[SourceDate "2013.07.13"]
[SourceVersion "1"]
[SourceVersionDate "2019.06.21"]
[SourceQuality "1"]

1. d4 c5 2. Nf3 cxd4 3. Nxd4 Nf6 4. e3 g6 5. Bd3 e5 6. Nb3 Bg7 7. N1d2 d5 8.
O-O O-O 9. e4 Nc6 10. a3 Bg4 11. f3 Qb6+ 12. Kh1 Be6 13. Re1 Rfd8 14. Nf1 dxe4
15. fxe4 Ng4 16. Be3 Nxe3 17. Nxe3 Rd7 18. Rb1 Rad8 19. Nd2 Bh6 20. Nec4 Qc5
21. Qe2 Nd4 22. Qf2 Qc7 23. Red1 Bg4 24. Nf3 Nxf3 25. gxf3 Be6 26. Ne3 Qb6 27.
Re1 Ba2 28. Ra1 Be6 29. Rab1 Ba2 30. Ra1 Be6 31. Rab1 Bf4 32. Qe2 Qd4 33. b3
Qd6 34. a4 Qe7 35. Ng2 Bg5 36. Rg1 h5 37. Ne3 Bf4 38. Ng2 Bh6 39. Ne3 Kh8 40.
Ng2 a6 41. Ne3 Qh4 42. Ng2 Qf6 43. Ne3 Qf4 44. Ng2 Qg5 45. Ne1 Qf6 46. Ng2 Qe7
47. Ne3 Bh3 48. Rg3 Be6 49. Rgg1 Qc5 50. Ng2 Qd4 51. Nh4 Kh7 52. Ng2 Bg5 53.
Rge1 Bh3 54. Ne3 Be6 55. Ng2 Bh6 56. Rg1 f5 57. Nh4 Bf7 58. exf5 Qxh4 59. fxg6+
Bxg6 60. Bxg6+ Kh8 61. Qxe5+ Bg7 62. Qxh5+ Qxh5 63. Bxh5 Rd2 64. Bg6 Be5 65.
Rg2 Rxg2 66. Kxg2 Rd2+ 67. Kh3 Rxh2+ 68. Kg4 Rg2+ 69. Kf5 Bc3 70. Rc1 Kg7 71.
Bh5 Bb2 72. Rd1 Rxc2 73. Rd7+ Kh6 74. Rxb7 Rc5+ 75. Kg4 Rg5+ 76. Kf4 Kxh5 77.
Rb6 a5 78. Rb5 Bc1+ 79. Ke4 Bd2 80. f4 Rxb5 81. axb5 Kg6 82. b6 Bb4 83. Kd5 Bd2
84. Kc6 Bxf4 85. Kb5 Kf6 86. Kxa5 Ke6 87. Ka6 Kd7 88. b7 Bb8 89. Kb6 Kd6 90. b4
Kd5 91. b5 1/2-1/2

[Event "15. Obert Int. Sant Martí 2013 - B"]
[Site "Barcelona ESP"]
[Date "2013.07.13"]
[Round "1.11"]
[White "Perez Garcia, Jose Miguel"]
[Black "Fungueirino Pique, Daniel"]
[Result "1-0"]
[WhiteElo "1950"]
[BlackElo "1694"]
[PlyCount "45"]
[EventDate "2013.07.13"]
[EventType "swiss"]
[EventRounds "9"]
[EventCountry "ESP"]
[SourceTitle "Ajedrez en Madrid"]
[Source "lmi"]
[SourceDate "2013.07.13"]
[SourceVersion "1"]
[SourceVersionDate "2019.06.21"]
[SourceQuality "1"]

1. e4 d6 2. d4 g6 3. Nf3 Bg7 4. Bc4 e6 5. Nc3 c6 6. Bg5 Qb6 7. Bb3 Nf6 8. e5
dxe5 9. dxe5 Nfd7 10. Qd6 Qc5 11. Ne4 Qa5+ 12. Bd2 Qb6 13. Bxe6 Bf8 14. Bxf7+
Kxf7 15. e6+ Ke8 16. exd7+ Nxd7 17. Qe6+ Kd8 18. Bg5+ Kc7 19. Bf4+ Kd8 20.
O-O-O c5 21. Nd6 Bxd6 22. Rxd6 Qb5 23. Qf6+ 1-0

[Event "15. Obert Int. Sant Martí 2013 - B"]
[Site "Barcelona ESP"]
[Date "2013.07.13"]
[Round "1.12"]
[White "Riu Lopez, Daniel"]
[Black "Aprea, Daniele"]
[Result "1/2-1/2"]
[WhiteElo "1691"]
[BlackElo "1945"]
[PlyCount "106"]
[EventDate "2013.07.13"]
[EventType "swiss"]
[EventRounds "9"]
[EventCountry "ESP"]
[SourceTitle "Ajedrez en Madrid"]
[Source "lmi"]
[SourceDate "2013.07.13"]
[SourceVersion "1"]
[SourceVersionDate "2019.06.21"]
[SourceQuality "1"]

1. e4 e6 2. d4 d5 3. e5 c5 4. c3 Qb6 5. Nf3 Nc6 6. a3 c4 7. Be2 f6 8. Nbd2 fxe5
9. Nxe5 Nf6 10. f4 Bd6 11. Ndf3 O-O 12. O-O Na5 13. Be3 Ne4 14. Rb1 Qc7 15. Nd2
Nxd2 16. Qxd2 b5 17. Qe1 Nc6 18. Qg3 Ne7 19. Bg4 Nf5 20. Bxf5 exf5 21. Qf3 Be6
22. Qh5 Rf6 23. Qe2 a5 24. Ra1 Bd7 25. Bf2 Rff8 26. Bh4 Rae8 27. Rf3 Re6 28.
Re3 Rfe8 29. Re1 Bc8 30. Qf3 Qb7 31. Qh5 g6 32. Qd1 Kg7 33. Rg3 Be7 34. Bxe7
R8xe7 35. h4 Bd7 36. h5 Be8 37. hxg6 Bxg6 38. Qh5 Kf8 39. Nxg6+ Rxg6 40. Qxf5+
Kg7 41. Rxg6+ hxg6 42. Rxe7+ Qxe7 43. Qe5+ Kf8 44. Qxe7+ Kxe7 45. g4 Kf6 46.
Kf2 Ke6 47. Kf3 Kf6 48. Ke3 Ke6 49. Kd2 a4 50. Ke3 Kf6 51. Kf3 Ke6 52. Kg3 Kf7
53. f5 g5 1/2-1/2

[Event "15. Obert Int. Sant Martí 2013 - B"]
[Site "Barcelona ESP"]
[Date "2013.07.13"]
[Round "1.13"]
[White "Cartro Turu, Gabriel"]
[Black "Romeo Ros, Joaquin"]
[Result "1/2-1/2"]
[WhiteElo "1944"]
[BlackElo "1688"]
[PlyCount "61"]
[EventDate "2013.07.13"]
[EventType "swiss"]
[EventRounds "9"]
[EventCountry "ESP"]
[SourceTitle "Ajedrez en Madrid"]
[Source "lmi"]
[SourceDate "2013.07.13"]
[SourceVersion "1"]
[SourceVersionDate "2019.06.21"]
[SourceQuality "1"]

1. e4 c5 2. c3 d6 3. d4 Nf6 4. dxc5 dxc5 5. Qxd8+ Kxd8 6. f3 Nc6 7. Be3 e5 8.
Nd2 Be6 9. O-O-O Kc7 10. Bc4 Bxc4 11. Nxc4 Be7 12. Ne2 Rad8 13. Rxd8 Rxd8 14.
Rd1 Rxd1+ 15. Kxd1 Nd7 16. Bf2 b5 17. Ne3 Nb6 18. b3 a6 19. Kc2 c4 20. b4 g6
21. h3 Nd8 22. g3 Ne6 23. f4 Bd6 24. Nd5+ Nxd5 25. exd5 Nf8 26. fxe5 Bxe5 27.
Bc5 Nd7 28. Nd4 Nf6 29. Nf3 Bd6 30. Ng5 Nxd5 31. Bxd6+ 1/2-1/2

[Event "15. Obert Int. Sant Martí 2013 - B"]
[Site "Barcelona ESP"]
[Date "2013.07.13"]
[Round "1.14"]
[White "Fuertes Buisac, Bernat"]
[Black "Molano Lafuente, Ismael"]
[Result "0-1"]
[WhiteElo "1686"]
[BlackElo "1943"]
[PlyCount "118"]
[EventDate "2013.07.13"]
[EventType "swiss"]
[EventRounds "9"]
[EventCountry "ESP"]
[SourceTitle "Ajedrez en Madrid"]
[Source "lmi"]
[SourceDate "2013.07.13"]
[SourceVersion "1"]
[SourceVersionDate "2019.06.21"]
[SourceQuality "1"]

1. d4 Nf6 2. c4 Nc6 3. Nc3 e5 4. dxe5 Nxe5 5. e3 Bb4 6. Bd2 O-O 7. Nf3 d6 8.
Be2 Qe7 9. O-O c6 10. Ne4 Nxe4 11. Bxb4 c5 12. Ba3 b6 13. Qc2 Bb7 14. Nxe5 dxe5
15. Bf3 Nf6 16. Bxb7 Qxb7 17. b3 Qe4 18. Qxe4 Nxe4 19. Bb2 f6 20. Rfd1 Rad8 21.
Kf1 Kf7 22. Ke2 Ke7 23. Kf3 Ng5+ 24. Ke2 Ne6 25. Rac1 Rxd1 26. Rxd1 Rd8 27.
Rxd8 Nxd8 28. Kf3 Ke6 29. h4 Nc6 30. Bc3 h5 31. g3 g6 32. Ke4 a6 33. Bd2 f5+
34. Kf3 e4+ 35. Ke2 Ne5 36. Bc3 Nd3 37. Bd2 Kd6 38. f4 b5 39. cxb5 axb5 40. Kd1
b4 41. Kc2 Kc6 42. Kd1 Kb5 43. Kc2 c4 44. Kd1 c3 45. Bc1 Nf2+ 46. Ke2 Nd3 47.
Kd1 Ka5 48. Kc2 Nf2 49. a3 Kb5 50. Kb1 Nd3 51. Kc2 Nc5 52. axb4 Kxb4 53. Ba3+
Kxa3 54. Kxc3 Nxb3 55. Kc4 Nd2+ 56. Kd5 Nf1 57. Ke6 Nxe3 58. Kf6 Nf1 59. Kxg6
Nxg3 0-1

[Event "15. Obert Int. Sant Martí 2013 - B"]
[Site "Barcelona ESP"]
[Date "2013.07.13"]
[Round "1.15"]
[White "Jimenez Martinez, Javier"]
[Black "Romero Gamez, Francisco Javier"]
[Result "0-1"]
[WhiteElo "1943"]
[BlackElo "1683"]
[PlyCount "62"]
[EventDate "2013.07.13"]
[EventType "swiss"]
[EventRounds "9"]
[EventCountry "ESP"]
[SourceTitle "Ajedrez en Madrid"]
[Source "lmi"]
[SourceDate "2013.07.13"]
[SourceVersion "1"]
[SourceVersionDate "2019.06.21"]
[SourceQuality "1"]

1. b4 c6 2. Bb2 d5 3. Nf3 Nf6 4. e3 e6 5. a3 Bd6 6. c4 O-O 7. d4 Nbd7 8. Nbd2
Re8 9. Ne5 Nf8 10. f4 dxc4 11. Bxc4 Nd5 12. Qf3 Bxe5 13. dxe5 b5 14. Bb3 Ng6
15. Rd1 Nh4 16. Qh3 Nxe3 17. Kf2 Nxd1+ 18. Rxd1 Nf5 19. g3 Qb6+ 20. Ke1 Qe3+
21. Kf1 Rd8 22. Bc1 Nd4 23. Qg2 Nxb3 24. Qxc6 Qd3+ 25. Kf2 Nxc1 26. Qxa8 Qe2+
27. Kg1 Qxd1+ 28. Nf1 Ne2+ 29. Kf2 Nc3 30. Qc6 Qd4+ 31. Ke1 Ne4 0-1

[Event "15. Obert Int. Sant Martí 2013 - B"]
[Site "Barcelona ESP"]
[Date "2013.07.13"]
[Round "1.16"]
[White "Calbet Freixanet, Eduard"]
[Black "Alfara Ayllon, Jose Luis"]
[Result "0-1"]
[WhiteElo "1676"]
[BlackElo "1940"]
[PlyCount "60"]
[EventDate "2013.07.13"]
[EventType "swiss"]
[EventRounds "9"]
[EventCountry "ESP"]
[SourceTitle "Ajedrez en Madrid"]
[Source "lmi"]
[SourceDate "2013.07.13"]
[SourceVersion "1"]
[SourceVersionDate "2019.06.21"]
[SourceQuality "1"]

1. d4 d5 2. c4 e6 3. Nc3 Nf6 4. Bg5 Be7 5. Nf3 O-O 6. e3 Nbd7 7. Qc2 h6 8. h4
c5 9. cxd5 exd5 10. dxc5 Nxc5 11. Bf4 Be6 12. Be2 Rc8 13. O-O Nce4 14. Qa4 Nxc3
15. bxc3 a6 16. c4 dxc4 17. Rfd1 Qe8 18. Qc2 Nd5 19. Qe4 Nc3 20. Qc2 Nxd1 21.
Rxd1 b5 22. Ne5 Bxh4 23. Bh5 Bf6 24. Ng6 fxg6 25. Bxg6 Bf7 26. Bh7+ Kh8 27.
Bxh6 gxh6 28. Rd6 Rc6 29. Rxc6 Qxc6 30. Bg6 Bg7 0-1

[Event "15. Obert Int. Sant Martí 2013 - B"]
[Site "Barcelona ESP"]
[Date "2013.07.13"]
[Round "1.17"]
[White "Catarineu Navines, Federico"]
[Black "Cano Sevila, Ivan"]
[Result "0-1"]
[WhiteElo "1934"]
[BlackElo "1672"]
[PlyCount "60"]
[EventDate "2013.07.13"]
[EventType "swiss"]
[EventRounds "9"]
[EventCountry "ESP"]
[SourceTitle "Ajedrez en Madrid"]
[Source "lmi"]
[SourceDate "2013.07.13"]
[SourceVersion "1"]
[SourceVersionDate "2019.06.21"]
[SourceQuality "1"]

1. d4 Nf6 2. c4 e5 3. dxe5 Ng4 4. Nf3 Bc5 5. e3 Nc6 6. Nc3 Ncxe5 7. Nxe5 Nxe5
8. Be2 d6 9. O-O O-O 10. Kh1 Be6 11. f4 Nc6 12. f5 Bd7 13. f6 Re8 14. Bd3 g6
15. Ne4 Ne5 16. Nxc5 dxc5 17. Be2 Bc6 18. Qe1 Re6 19. Qh4 Nd7 20. e4 Rxe4 21.
Qf2 Re6 22. Bg5 Qe8 23. Bg4 Re5 24. Qh4 h5 25. Bf5 Re2 26. Bh3 Qe4 27. Qg3 Re8
28. Bh4 Re3 29. Bf5 Qxf5 30. Rxf5 Rxg3 0-1

[Event "15. Obert Int. Sant Martí 2013 - B"]
[Site "Barcelona ESP"]
[Date "2013.07.13"]
[Round "1.18"]
[White "Gomez Guinovart, Josep Manel"]
[Black "Riera Danes, Manel"]
[Result "1/2-1/2"]
[WhiteElo "1670"]
[BlackElo "1930"]
[PlyCount "66"]
[EventDate "2013.07.13"]
[EventType "swiss"]
[EventRounds "9"]
[EventCountry "ESP"]
[SourceTitle "Ajedrez en Madrid"]
[Source "lmi"]
[SourceDate "2013.07.13"]
[SourceVersion "1"]
[SourceVersionDate "2019.06.21"]
[SourceQuality "1"]

1. d4 Nf6 2. c4 g6 3. Nc3 Bg7 4. h3 d6 5. Bf4 O-O 6. Nf3 c6 7. e3 Nbd7 8. Be2
Qe8 9. O-O e5 10. dxe5 dxe5 11. Bh2 Qe7 12. Qc2 Re8 13. e4 Nh5 14. Nd2 Nf4 15.
Bf3 Ne6 16. Bd1 Nd4 17. Qd3 Nc5 18. Qe3 Nce6 19. Nf3 Nxf3+ 20. Bxf3 Nd4 21. Bd1
Be6 22. b3 Rad8 23. Rc1 Bc8 24. Bc2 Rd7 25. Bb1 Red8 26. Rcd1 Ne6 27. Rxd7 Qxd7
28. Qxa7 Nd4 29. Qa3 Bf8 30. Qc1 Bb4 31. Kh1 Qe7 32. Qe3 f6 33. Ne2 Ne6 1/2-1/2

[Event "15. Obert Int. Sant Martí 2013 - B"]
[Site "Barcelona ESP"]
[Date "2013.07.13"]
[Round "1.19"]
[White "Beaskoa Estany, Gabriel"]
[Black "Demestres Lopez, Ricard"]
[Result "1-0"]
[WhiteElo "1930"]
[BlackElo "1668"]
[PlyCount "49"]
[EventDate "2013.07.13"]
[EventType "swiss"]
[EventRounds "9"]
[EventCountry "ESP"]
[SourceTitle "Ajedrez en Madrid"]
[Source "lmi"]
[SourceDate "2013.07.13"]
[SourceVersion "1"]
[SourceVersionDate "2019.06.21"]
[SourceQuality "1"]

1. e4 c5 2. Nf3 d6 3. d4 cxd4 4. Nxd4 Nf6 5. Nc3 a6 6. Be3 g6 7. f3 Bg7 8. Qd2
O-O 9. h4 Nc6 10. g4 Nxd4 11. Bxd4 e5 12. Be3 Bxg4 13. fxg4 Nxg4 14. O-O-O Nxe3
15. Qxe3 f5 16. Bc4+ Kh8 17. h5 g5 18. h6 Bf6 19. exf5 Rc8 20. Be6 Rc6 21. Nd5
Re8 22. Nxf6 Rxe6 23. fxe6 Qxf6 24. Qb3 Qe7 25. Rhf1 1-0

[Event "15. Obert Int. Sant Martí 2013 - B"]
[Site "Barcelona ESP"]
[Date "2013.07.13"]
[Round "1.20"]
[White "Serentill Tost, Eduard"]
[Black "Delgado Lozano, Jose Manuel"]
[Result "0-1"]
[WhiteElo "1665"]
[BlackElo "1927"]
[PlyCount "54"]
[EventDate "2013.07.13"]
[EventType "swiss"]
[EventRounds "9"]
[EventCountry "ESP"]
[SourceTitle "Ajedrez en Madrid"]
[Source "lmi"]
[SourceDate "2013.07.13"]
[SourceVersion "1"]
[SourceVersionDate "2019.06.21"]
[SourceQuality "1"]

1. e4 c6 2. d4 d5 3. Nc3 dxe4 4. Nxe4 Nd7 5. Nf3 Ngf6 6. Nxf6+ Nxf6 7. Be2 Bf5
8. O-O h6 9. b3 e6 10. Bb2 Bd6 11. c4 O-O 12. c5 Bc7 13. Nh4 Bh7 14. Bd3 Bxd3
15. Qxd3 Re8 16. Rfd1 Qe7 17. Nf3 Rad8 18. Qe3 Rd5 19. b4 Rh5 20. h3 Nd5 21.
Qe1 Qf6 22. Rd3 Qg6 23. Ra3 Nf4 24. g3 Rxh3 25. Bc1 Qh5 26. Kf1 Rh1+ 27. Ng1
Qh3# 0-1

[Event "15. Obert Int. Sant Martí 2013 - B"]
[Site "Barcelona ESP"]
[Date "2013.07.13"]
[Round "1.21"]
[White "Varela La Madrid, Maria"]
[Black "Petit Montes, Marc"]
[Result "1-0"]
[WhiteElo "1927"]
[BlackElo "1656"]
[PlyCount "77"]
[EventDate "2013.07.13"]
[EventType "swiss"]
[EventRounds "9"]
[EventCountry "ESP"]
[SourceTitle "Ajedrez en Madrid"]
[Source "lmi"]
[SourceDate "2013.07.13"]
[SourceVersion "1"]
[SourceVersionDate "2019.06.21"]
[SourceQuality "1"]

1. d4 c6 2. e4 d5 3. Bd3 dxe4 4. Bxe4 Nf6 5. Bf3 Bf5 6. c4 e6 7. Ne2 Nbd7 8.
O-O Be7 9. Nbc3 O-O 10. Bf4 h6 11. Ng3 g5 12. Nxf5 exf5 13. Be3 f4 14. Bc1 Re8
15. h4 Nh7 16. Qc2 Ndf6 17. Rd1 Qc7 18. d5 cxd5 19. Nxd5 Nxd5 20. Bxd5 Nf6 21.
Qg6+ Kh8 22. Qxh6+ Nh7 23. Be4 f5 24. Bxf5 Bf8 25. Qh5 Re7 26. hxg5 Kg8 27.
Qg6+ Rg7 28. Qe6+ Kh8 29. b3 Nxg5 30. Qh6+ Kg8 31. Bb2 Nf3+ 32. Kf1 Ne5 33.
Qe6+ Nf7 34. Bxg7 Bxg7 35. Rac1 Rd8 36. Rxd8+ Qxd8 37. Bg6 Qh4 38. Bxf7+ Kh8
39. Qh3 1-0

[Event "15. Obert Int. Sant Martí 2013 - B"]
[Site "Barcelona ESP"]
[Date "2013.07.13"]
[Round "1.22"]
[White "Poyato Duran, David"]
[Black "Moreno Perez, Norberto"]
[Result "0-1"]
[WhiteElo "1656"]
[BlackElo "1920"]
[PlyCount "80"]
[EventDate "2013.07.13"]
[EventType "swiss"]
[EventRounds "9"]
[EventCountry "ESP"]
[SourceTitle "Ajedrez en Madrid"]
[Source "lmi"]
[SourceDate "2013.07.13"]
[SourceVersion "1"]
[SourceVersionDate "2019.06.21"]
[SourceQuality "1"]

1. d4 d5 2. c4 c6 3. Nc3 Nf6 4. Bg5 Qb6 5. Qc2 Nbd7 6. e3 h6 7. Bh4 Qa5 8. cxd5
Nxd5 9. a3 e6 10. Rc1 b5 11. Nf3 Bb7 12. Be2 Bd6 13. O-O O-O 14. Ne4 Bc7 15.
Nfd2 Rac8 16. Nb3 Qa4 17. Nbc5 Qxc2 18. Rxc2 Nxc5 19. Nxc5 Ba8 20. Rfc1 a5 21.
Nd7 Rfe8 22. Bxb5 cxb5 23. e4 Nf4 24. f3 Ne2+ 25. Rxe2 Bxh2+ 26. Kxh2 Rxc1 27.
Nc5 a4 28. Rd2 f6 29. Nd3 Rc4 30. Nb4 Kf7 31. Bg3 Rd8 32. d5 exd5 33. exd5 Rxb4
34. axb4 Rxd5 35. Rxd5 Bxd5 36. Kh3 Be6+ 37. Kh4 g5+ 38. Kh5 Kg7 39. Bd6 f5 40.
Be5+ Kh7 0-1

[Event "15. Obert Int. Sant Martí 2013 - B"]
[Site "Barcelona ESP"]
[Date "2013.07.13"]
[Round "1.23"]
[White "Diaz Nieto, Alberto"]
[Black "Velasco Rebezon, Daniela"]
[Result "1-0"]
[WhiteElo "1918"]
[BlackElo "1651"]
[PlyCount "117"]
[EventDate "2013.07.13"]
[EventType "swiss"]
[EventRounds "9"]
[EventCountry "ESP"]
[SourceTitle "Ajedrez en Madrid"]
[Source "lmi"]
[SourceDate "2013.07.13"]
[SourceVersion "1"]
[SourceVersionDate "2019.06.21"]
[SourceQuality "1"]

1. d4 Nf6 2. c4 g6 3. Nc3 d5 4. Nf3 Bg7 5. Qb3 c6 6. Bg5 dxc4 7. Qxc4 O-O 8. e4
Bg4 9. Be2 Nbd7 10. O-O-O b5 11. Qb3 a5 12. h3 b4 13. Na4 Be6 14. d5 cxd5 15.
exd5 Qc7+ 16. Kb1 Bxd5 17. Rxd5 Nxd5 18. Qxd5 Rac8 19. Rc1 Qa7 20. Be3 Rxc1+
21. Kxc1 Qc7+ 22. Kb1 Rc8 23. Bd1 Nf6 24. Qb5 Nd7 25. Bb3 e6 26. Nb6 Nxb6 27.
Qxb6 Qd7 28. Qa6 e5 29. g4 h6 30. Nh4 Kh8 31. Nf3 Qc7 32. Qb5 e4 33. Nd4 Bxd4
34. Bxd4+ Kg8 35. Be3 Kg7 36. Qd5 Re8 37. Bb6 Qf4 38. Bd4+ Kg8 39. Qd7 Rb8 40.
Qe7 Rc8 41. Be3 Qf3 42. a4 Kg7 43. Bd4+ Kg8 44. Qd7 Rb8 45. Ba7 Rf8 46. Qd5 Re8
47. Ka2 Rf8 48. Be3 Qxh3 49. Bc5 Qd3 50. Bxf8 Qxd5 51. Bxd5 Kxf8 52. Bxe4 Ke7
53. Kb3 Kd6 54. Kc4 Ke5 55. Bd5 f5 56. f3 f4 57. Be4 h5 58. Bxg6 hxg4 59. fxg4
1-0